| 000 | 00620nam a2200217Ia 4500 | ||
|---|---|---|---|
| 001 | 1870 | ||
| 003 | GE_BSU | ||
| 008 | 181216s||||||||xx |||||||||||||| ||und|| | ||
| 020 | _a5958901114 | ||
| 040 | _cGE_BSU | ||
| 080 | _a347.9(075.8) | ||
| 245 | _aГражданский процесс. Учебник для вузов. 2-е изд. пер идоп. | ||
| 245 | _cПод.ред. М.К.Треушникова | ||
| 260 | _aМосква | ||
| 260 | _bдом Городец | ||
| 260 | _c2007 | ||
| 300 | _a784 с. 21 см. | ||
| 541 | _h25 л. | ||
| 653 | _aГражданский процесс. | ||
| 942 | _cBK | ||
| 999 |
_c35971 _d35971 |
||